Responses for Show #1026 - Monday, February 6, 1989

1989 Teen Tournament quarterfinal game 1.

Contestants

[<< previous game]

Greg Parde, a junior from Minneapolis, Kansas

Elena Whitley, a junior from Raleigh, North Carolina

Dan Chase, a junior from Fairfax, Virginia

Jeopardy! Round responses

GOVERNMENT
PHYS. ED.
PEE-WEE'S PLAYHOUSE
AUSTRALIA
EDIBLE ANAGRAMS
GUINNESS ANIMAL RECORDS
    $100 3
income taxes

Elena
    $100 8
a horse

Elena
    $100 26
a (red) bowtie

Elena
    $100 2
the Aborigines

Greg
    $100 16
salt (from last)

Dan
    $100 19
a nest

Elena
    $200 4
the Federal Reserve

Dan
    $200 9
intramural

Elena
    $200 27
ants

Dan
    $200 7
(1 of) the kangaroo (emu)

Greg
    $200 17
meat (from tame)

Elena
    $200 20
kittens

Greg
    $300 1
a U.S. citizen

Elena
    $300 10
wrestling

Elena
    $300 28
(Dan: What is a fisherman?)

robot

DanGreg
    $300 13
Paul Hogan

Elena
    $300 18
lobster (from bolster)

Dan
    $300 23
a millipede

Elena
    $400 5
political action committees

Dan
    $400 11
war

Dan
    $400 29
yell real loud

Greg
    $400 14
(Elena: What are the north & south?)

Southern & Eastern Hemispheres

Elena
    $400 21
(Greg: What is a...)

a taco (from coat)

ElenaGreg
    $400 24
(Greg: What is a tongue?)
...
(Alex: A minute to go in the round.)

the fang

Greg
Triple Stumper
    $500 6
the Fifth Amendment

Dan
    $500 12
(Elena: What is the Presidential Physical Fitness Award?)

the President's Council on Physical Fitness

Elena
Triple Stumper
    $500 30
Miss Yvonne

Triple Stumper
    $500 15
the Outback

Dan
    $500 22
a peach (from cheap)

Elena
    $500 25
a sloth

Elena

Scores at the first commercial break (after clue 14):

Dan Elena Greg
$1,500 $400 $300

Scores at the end of the Jeopardy! Round:

Dan Elena Greg
$2,300 $2,500 $400

Double Jeopardy! Round responses

LANDMARKS
COMPUTERS
U.S. HISTORY
GRAMMAR
BALLET
BIBLICAL PARENTS
    $200 8
a hotel

Dan
    $200 16
a turtle

Greg
    $200 1
Georgia

Dan
    $200 14
tenses

Elena
    $200 6
a Tutu

Elena
    $200 13
Noah

Greg
    $400 9
Liverpool

Greg
    $400 17
the stock market crash

Dan
    $400 2
Geronimo

Greg
    $400 22
(Elena: What is what?)

that

ElenaGreg
    $400 7
Copenhagen

Greg
    $400 18
Sarah & Abraham

Elena
    $600 10
the Great Wall of China

Dan
    $600 28
schools (colleges, universities)

Greg
    $600 3
nuclear bombs (atomic bombs)

Greg
    $600 23
an adverb

Elena
    $600 15
(Greg: What is The Nutcracker Suite?)
[Greg's response was accepted as correct and the decision was reversed after the break as Alex did not pick up on the added word, "Suite" at the time.)

The Nutcracker

Greg
Triple Stumper
    $600 21
Aaron & Moses

Elena
    $900 11
the statue of Lincoln at the Lincoln Memorial

Dan
    $800 29
prime factors

Triple Stumper
    $800 4
Roanoke Island

Elena
    $800 24
(Greg: What is a modifier?)

the infinitive

DanGreg
    $800 19
Johann Strauss

Elena
    $800 26
(Greg: Who is Isaac?)

Jacob

DanGreg
    $1000 12
St. Peter's Basilica

Triple Stumper
    $1000 30
Cray

Triple Stumper
    $300 5
(Elena: I have absolutely no idea.)

New Hampshire

Elena
    $1000 25
(Alex: We've got less than a minute to go.)

participle

Elena
    $1000 20
Sleeping Beauty

Dan
    $1000 27
David & Bathsheba

Dan

Scores at the end of the Double Jeopardy! Round:

Dan Elena Greg
$8,200 $6,400 $1,400

Final Jeopardy! Round responses

BUSINESS & INDUSTRY
GregWhat is Japan?
$1,400
ElenaWhat is the United States?
$1,400
DanWhat is Japan?
$1,200
Japan

Final scores:

Dan Elena Greg
$9,400 $5,000 $2,800
Automatic semifinalist 2nd place: $1,000 if eliminated 3rd place: $1,000 if eliminated

Game dynamics:

Coryat scores:

Dan Elena Greg
$8,100 $7,100 $1,400
17 R
(including 1 DD),
1 W
21 R,
4 W
(including 2 DDs)
13 R,
5 W

Combined Coryat: $16,600

[game] [game scores] [suggest correction]

Game tape date: 1989-01-04
The J! Archive is created by fans, for fans. Scraping, republication, monetization, and malicious use prohibited; this site may use cookies and collect identifying information. See terms. The Jeopardy! game show and all elements thereof, including but not limited to copyright and trademark thereto, are the property of Jeopardy Productions, Inc. and are protected under law. This website is not affiliated with, sponsored by, or operated by Jeopardy Productions, Inc. Join the discussion at JBoard.tv.